[Event "London Classic Open 2017"]
[Site "London ENG"]
[Date "2017.12.03"]
[Round "2.67"]
[White "Mozes, Ervin"]
[Black "Tobianski, Fabian"]
[Result "1-0"]
[WhiteTitle "IM"]
[WhiteElo "2177"]
[BlackElo "1909"]
[WhiteFideId "1200151"]
[BlackFideId "12952001"]
[EventDate "2017.12.02"]

1. g3 Nf6 2. Bg2 d5 3. f4 c5 4. Nf3 Nc6 5. O-O b5 6. d3 Bb7 7. c3 d4 8. Qb3 Qb6
9. Na3 a6 10. Nc4 Qc7 11. Nce5 e6 12. cxd4 Nxd4 13. Nxd4 cxd4 14. Bxb7 Qxb7 15.
a4 Rb8 16. Bd2 Nd5 17. Rfc1 f6 18. Nc6 Rc8 19. axb5 axb5 20. Na5 Rxc1+ 21. Rxc1
Qb8 22. Nc6 Qb6 23. Qa2 Kf7 24. f5 Bd6 25. fxe6+ Kxe6 26. Ba5 Ra8 27. b4 Qb7 28.
Nxd4+ Kd7 29. Rc6 Ne7 30. Qe6+ 1-0

[Event "London Classic Open 2017"]
[Site "London ENG"]
[Date "2017.12.03"]
[Round "2.68"]
[White "Stone, Andrew M"]
[Black "Zhao, Haolin"]
[Result "1-0"]
[WhiteElo "2170"]
[BlackElo "1715"]
[WhiteFideId "404985"]
[BlackFideId "428680"]
[EventDate "2017.12.02"]

1. c4 c5 2. Nc3 g6 3. g3 Nc6 4. Bg2 Bg7 5. Nf3 e6 6. d4 cxd4 7. Nb5 d5 8. cxd5
Qa5+ 9. Nd2 Qxb5 10. dxc6 Ne7 11. a4 Qb4 12. b3 Nxc6 13. Ba3 Qa5 14. O-O Bf8 15.
Bxf8 Kxf8 16. e3 Kg7 17. Nc4 Qc5 18. Bxc6 bxc6 19. exd4 Qd5 20. Ne3 Qd6 21. Ng4
Qd5 22. Rc1 Rb8 23. Qd2 h5 24. Qf4 hxg4 25. Qxb8 Ba6 26. Qe5+ Qxe5 27. dxe5 Bxf1
28. Kxf1 Rc8 29. Rc4 f5 30. exf6+ Kxf6 31. Rxg4 Kf5 32. Rc4 e5 33. Ke2 g5 34. b4
Ke6 35. Ke3 Kd5 36. Rc5+ Kd6 37. Ra5 Rb8 38. b5 cxb5 39. Rxb5 Ra8 40. Ra5 g4 41.
Ke4 Rf8 42. Ra6+ Kc5 43. Rxa7 Rxf2 44. Kxe5 Rxh2 45. Rc7+ Kb6 46. Rc4 Rh6 47.
Kf5 Rh8 48. Kxg4 Rg8+ 49. Kf3 Rf8+ 50. Kg2 Rg8 51. g4 Ka5 52. Kg3 Kb6 53. Kf4
Rf8+ 54. Ke5 Rf1 55. g5 Rg1 56. Kf6 Rf1+ 57. Kg7 Rg1 58. g6 Ka5 59. Kf7 Rf1+ 60.
Kg8 Rg1 61. g7 Rg2 62. Rc6 Kxa4 63. Kh7 Kb5 64. Rg6 Rh2+ 65. Rh6 1-0

[Event "London Classic Open 2017"]
[Site "London ENG"]
[Date "2017.12.03"]
[Round "2.69"]
[White "Mohnblatt, Daniel"]
[Black "Cumming, Rhys"]
[Result "0-1"]
[WhiteElo "1734"]
[BlackElo "2162"]
[WhiteFideId "648582"]
[BlackFideId "470163"]
[EventDate "2017.12.02"]

1. d4 Nf6 2. Nf3 g6 3. c4 Bg7 4. e3 O-O 5. Be2 c5 6. d5 d6 7. O-O e6 8. Nc3 exd5
9. cxd5 Re8 10. Nd2 Na6 11. e4 Nc7 12. a4 a6 13. f3 b6 14. Nc4 Rb8 15. Bg5 b5
16. axb5 axb5 17. Na5 Bd7 18. Qc1 b4 19. Nd1 Ncxd5 20. Bc4 Nb6 21. Qf4 Qe7 22.
Ne3 Qe5 23. Rfd1 Ra8 24. Qxe5 dxe5 25. Rd6 Nxc4 26. Nexc4 Be6 27. Rad1 Nh5 28.
b3 Nf4 29. Kf1 Bxc4+ 30. Nxc4 Ne6 31. Be3 Nd4 32. Bxd4 cxd4 33. Rb6 Bf8 34. Rb5
f6 35. Ke2 Ra2+ 36. Rd2 Rea8 37. Rb6 Rxd2+ 38. Nxd2 Bh6 39. Nc4 Ra2+ 40. Kd1 d3
41. Rb8+ Kf7 42. Rb7+ Ke6 43. Rb6+ Ke7 44. Rb7+ Kd8 0-1

[Event "London Classic Open 2017"]
[Site "London ENG"]
[Date "2017.12.03"]
[Round "2.70"]
[White "Lovell, William Pm"]
[Black "Klingher, Dominic"]
[Result "0-1"]
[WhiteElo "1688"]
[BlackElo "2153"]
[WhiteFideId "431060"]
[BlackFideId "428850"]
[EventDate "2017.12.02"]

1. d4 Nf6 2. Nc3 d6 3. e4 Nbd7 4. f4 e5 5. Nf3 exd4 6. Qxd4 c6 7. Be3 d5 8. exd5
Bc5 9. Qd3 Qe7 10. Nd4 Nb6 11. O-O-O Nbxd5 12. Nxd5 Nxd5 13. Bd2 O-O 14. g3 Qf6
15. Bc3 Bg4 16. Re1 Rad8 17. h3 Bh5 18. Ne2 Nxc3 19. Qxc3 Qxc3 20. Nxc3 Bf2 21.
Re7 Bxg3 22. f5 b5 23. b3 Bf3 24. Rg1 Bf2 25. Rg2 Bxg2 26. Bxg2 Bc5 27. Re1 h6
28. Bxc6 Ba3+ 29. Kb1 Bb4 30. Re3 Rc8 31. Nd5 Bc5 32. Rc3 Rxc6 33. Ne7+ Bxe7 34.
Rxc6 Rd8 35. Ra6 b4 36. Rxa7 Rd1+ 37. Kb2 Bf6+ 38. c3 bxc3+ 39. Kc2 Rd2+ 0-1

[Event "London Classic Open 2017"]
[Site "London ENG"]
[Date "2017.12.03"]
[Round "2.71"]
[White "Olson, Hamish"]
[Black "Voiculescu-Holvad, Stefan"]
[Result "1-0"]
[WhiteElo "2146"]
[BlackElo "1671"]
[WhiteFideId "2404257"]
[BlackFideId "20692005"]
[EventDate "2017.12.02"]

1. d4 Nf6 2. Nf3 e6 3. e3 c5 4. Bd3 Nc6 5. c3 d5 6. Nbd2 Bd6 7. O-O O-O 8. Qe2
e5 9. dxc5 Bxc5 10. e4 Bg4 11. Re1 Qc7 12. exd5 Nxd5 13. Bxh7+ Kh8 14. Be4 Nf4
15. Qb5 Bb6 16. Nc4 f6 17. Bxf4 exf4 18. h3 Bxf3 19. Bxf3 g5 20. a4 Ne5 21. Nxe5
fxe5 22. Rxe5 Bxf2+ 23. Kxf2 Qb6+ 24. Qxb6 axb6 25. Rae1 Rfd8 26. Rxg5 Rd2+ 27.
Kg1 Rxb2 28. Re6 Rb1+ 29. Kh2 1-0

[Event "London Classic Open 2017"]
[Site "London ENG"]
[Date "2017.12.03"]
[Round "2.72"]
[White "Volovich, Julia"]
[Black "Voss, Gunther"]
[Result "0-1"]
[WhiteElo "1546"]
[BlackElo "2118"]
[WhiteFideId "447099"]
[BlackFideId "4683234"]
[EventDate "2017.12.02"]

1. d4 d5 2. c4 c6 3. Nf3 Nf6 4. Qc2 Bg4 5. Ne5 Bh5 6. cxd5 Qxd5 7. e3 Bg6 8.
Nxg6 hxg6 9. Nc3 Qd6 10. h3 Nbd7 11. Bc4 e6 12. Bd2 Be7 13. a3 a6 14. Ne2 Qc7
15. e4 c5 16. e5 Nd5 17. Bxd5 exd5 18. e6 Nf6 19. exf7+ Kxf7 20. Nf4 Bd6 21.
Qxg6+ Kg8 22. g3 Re8+ 23. Kf1 cxd4 24. Rc1 Qf7 25. Kg2 Ne4 26. Rhe1 Rh6 27.
Qxf7+ Kxf7 28. Rcd1 Rf6 29. f3 Nxd2 30. Rxe8 Kxe8 31. Rxd2 Bxf4 32. gxf4 Rxf4
33. Kg3 g5 34. Re2+ Kd7 35. Re5 Kd6 36. Rxg5 Rf7 37. b4 d3 38. Rg4 Ke5 39. Kf2
d2 40. Ke2 Rxf3 41. Kxd2 Rxa3 42. h4 d4 43. Rg5+ Ke4 44. Rg4+ Kd5 45. h5 Rh3 46.
Rg7 b5 47. Rg6 Rxh5 48. Rxa6 Rh2+ 49. Kc1 Kc4 50. Rd6 Kc3 51. Kd1 Kd3 52. Kc1
Rc2+ 53. Kb1 Rc4 54. Rh6 Rxb4+ 55. Kc1 Kc3 56. Rh3+ d3 57. Rg3 Ra4 58. Kb1 Rh4
59. Rf3 Rh1+ 60. Ka2 Kc2 61. Rf8 d2 62. Rc8+ Kd3 63. Rd8+ Kc3 64. Rc8+ Kb4 65.
Rc2 d1=Q 66. Rc1 Rh2+ 67. Kb1 Qb3+ 68. Ka1 Qa2# 0-1

[Event "London Classic Open 2017"]
[Site "London ENG"]
[Date "2017.12.03"]
[Round "2.74"]
[White "Krishna Teja, N"]
[Black "Balaji, Aaravamudhan"]
[Result "1-0"]
[WhiteTitle "IM"]
[WhiteElo "2368"]
[BlackElo "1884"]
[WhiteFideId "5001498"]
[BlackFideId "436224"]
[EventDate "2017.12.02"]

1. d4 Nf6 2. c4 g6 3. Nc3 Bg7 4. e4 d6 5. Be2 O-O 6. Nf3 e5 7. d5 a5 8. Be3 Ng4
9. Bg5 f6 10. Bd2 f5 11. Bg5 Bf6 12. Bxf6 Qxf6 13. Qd2 fxe4 14. Nxe4 Qf4 15.
Qxf4 Rxf4 16. Nfd2 Na6 17. g3 Rf8 18. Bxg4 Bxg4 19. h3 Bd7 20. Ke2 Nb4 21. Rhc1
Bxh3 22. a3 Na6 23. c5 Bf5 24. cxd6 Bxe4 25. Nxe4 cxd6 26. Rc3 Rfd8 27. Rac1 h6
28. Rb3 Rab8 29. Rb6 Kg7 30. Nxd6 Rd7 31. Rd1 Nc7 32. Rxb7 Rxb7 33. Nxb7 Nb5 34.
Nc5 Rd6 35. Ne4 Rd7 36. d6 Nd4+ 37. Kd3 Kf7 38. f4 Rb7 39. fxe5 Ne6 40. Rf1+ Ke8
41. Rf6 Nf8 42. e6 Rb3+ 43. Kd4 1-0

[Event "London Classic Open 2017"]
[Site "London ENG"]
[Date "2017.12.03"]
[Round "2.75"]
[White "Sarvesh, Kumar A"]
[Black "Rysbayeva, Aigerim"]
[Result "1/2-1/2"]
[BlackTitle "WFM"]
[WhiteElo "1877"]
[BlackElo "2118"]
[WhiteFideId "35019236"]
[BlackFideId "13704567"]
[EventDate "2017.12.02"]

1. e4 c5 2. Nf3 d6 3. d4 cxd4 4. Nxd4 Nf6 5. Nc3 Nc6 6. Bg5 e6 7. Qd2 Qb6 8. Nb3
a6 9. f3 Be7 10. O-O-O O-O 11. g4 Qc7 12. Bxf6 Bxf6 13. Qxd6 Qb6 14. Qc5 Qxc5
15. Nxc5 b6 16. Nb3 Ne5 17. Be2 Bg5+ 18. Kb1 f5 19. gxf5 exf5 20. Nd5 fxe4 21.
fxe4 b5 22. Nb6 Ra7 23. Nxc8 Rxc8 24. Rhf1 Rac7 25. Rd5 1/2-1/2

[Event "London Classic Open 2017"]
[Site "London ENG"]
[Date "2017.12.03"]
[Round "2.76"]
[White "Kwon, Sehyun"]
[Black "Sajjadi, Kimiya"]
[Result "1-0"]
[WhiteTitle "CM"]
[WhiteElo "2117"]
[BlackElo "1876"]
[WhiteFideId "13203088"]
[BlackFideId "1516434"]
[EventDate "2017.12.02"]

1. e4 e6 2. c4 c5 3. Nc3 Nc6 4. g3 g6 5. Bg2 Bg7 6. Nge2 Nge7 7. d3 a6 8. O-O
O-O 9. Rb1 Rb8 10. Be3 Nd4 11. b4 d6 12. bxc5 dxc5 13. Na4 Qd6 14. Nxd4 Bxd4 15.
e5 Qc7 16. Bxd4 cxd4 17. Qe2 b5 18. cxb5 Rxb5 19. Rfc1 Rxb1 20. Rxb1 Nd5 21. Qe1
Qc2 22. Qd1 Qc7 23. Bxd5 exd5 24. f4 f6 25. Rc1 Qf7 26. exf6 Re8 27. Rc6 h5 28.
Qa1 Bh3 29. Kf2 Qd7 30. Qc1 Qg4 31. Rc2 Qe6 32. Nc5 Qxf6 33. Qh1 Qd6 34. Nb3 Qe6
35. Qc1 Qf6 36. Rc6 Qf5 37. Qc5 Bg2 38. Kxg2 Re2+ 39. Kg1 Re1+ 40. Kf2 Rf1+ 41.
Kxf1 Qxd3+ 42. Ke1 Qe3+ 43. Kd1 Qg1+ 44. Kc2 d3+ 45. Kxd3 Qf1+ 46. Kc3 1-0

[Event "London Classic Open 2017"]
[Site "London ENG"]
[Date "2017.12.03"]
[Round "2.77"]
[White "Rushbrooke, Remy"]
[Black "Bates, Caspar J"]
[Result "1/2-1/2"]
[WhiteElo "1864"]
[BlackElo "2112"]
[WhiteFideId "443590"]
[BlackFideId "414760"]
[EventDate "2017.12.02"]

1. Nf3 Nf6 2. g3 d5 3. Bg2 c5 4. O-O Nc6 5. d4 Bf5 6. c4 e6 7. Nc3 Qd7 8. cxd5
Nxd5 9. Nxd5 exd5 10. Bf4 f6 11. dxc5 Bxc5 12. Nh4 Be6 13. e4 O-O-O 14. Qc2 g5
15. Qxc5 gxf4 16. exd5 Bxd5 17. Rfd1 fxg3 18. hxg3 Qe7 19. Rxd5 Rxd5 20. Qxd5
Rd8 21. Qc4 Rd4 22. Qc3 Qd7 23. Rc1 Kc7 24. Qa5+ Kb8 25. Qc5 Ne5 26. Qf8+ Qd8
27. Qxd8+ Rxd8 28. Bh3 Nd3 29. Rc2 Nb4 30. Rc4 Nxa2 31. Nf5 Rd2 32. Ne3 a6 33.
Rc8+ Ka7 34. Nc4 Rd1+ 35. Kh2 Nb4 36. Bg2 Rd7 37. Na5 Nd3 38. Nxb7 Kb6 39. Rd8
Rxd8 40. Nxd8 Nxf2 41. Ne6 a5 42. b3 h6 43. Nd8 Ng4+ 44. Kh3 Ne3 45. Be4 f5 46.
Bf3 Nc2 47. Bh5 Nd4 48. Bf7 Kb5 49. Be8+ Kb4 50. Nc6+ Nxc6 51. Bxc6 Kxb3 52. Kg2
Kc4 53. Kf3 h5 54. Kf4 Kc5 55. Bf3 h4 56. gxh4 Kd6 57. Kg5 Ke7 58. Kg6 Kf8 59.
Bd5 f4 60. h5 f3 61. h6 f2 62. h7 f1=Q 63. h8=Q+ Ke7 64. Qe5+ Kd7 65. Qe6+ Kc7
66. Qc6+ Kd8 67. Qd6+ Kc8 68. Bc6 Qg1+ 69. Kf5 Qf2+ 70. Ke5 1/2-1/2

[Event "London Classic Open 2017"]
[Site "London ENG"]
[Date "2017.12.03"]
[Round "2.78"]
[White "De Abreu, Roberto N"]
[Black "Kim, Changhoon"]
[Result "1-0"]
[WhiteTitle "FM"]
[BlackTitle "CM"]
[WhiteElo "2110"]
[BlackElo "1859"]
[WhiteFideId "14307472"]
[BlackFideId "34117234"]
[EventDate "2017.12.02"]

1. d4 Nf6 2. c4 e6 3. g3 d5 4. Nf3 Bb4+ 5. Bd2 Bd6 6. Bg2 c6 7. Nc3 Nbd7 8. O-O
O-O 9. Qc2 dxc4 10. Bg5 h6 11. Ne4 Be7 12. Bf4 Nxe4 13. Qxe4 a6 14. Rac1 Nf6 15.
Qc2 b5 16. Ne5 Bd7 17. Nxc6 Bxc6 18. Bxc6 Ra7 19. e4 Qb6 20. d5 exd5 21. exd5
Rd8 22. Qf5 Nh7 23. b3 g6 24. Qc2 Ng5 25. Kg2 Ba3 26. Rcd1 cxb3 27. axb3 Re7 28.
h4 Ne4 29. Rfe1 g5 30. Rxe4 Rxe4 31. Qxe4 gxf4 32. Qxf4 Bf8 33. Rd4 Bg7 34. Re4
Qb8 35. Qf5 Qd6 36. Rg4 Rf8 37. h5 Kh8 38. Rf4 Qa3 39. d6 Rd8 40. Be4 1-0

[Event "London Classic Open 2017"]
[Site "London ENG"]
[Date "2017.12.03"]
[Round "2.79"]
[White "Nyenhuis, Yannek"]
[Black "Coote, Trevor D"]
[Result "0-1"]
[WhiteElo "1847"]
[BlackElo "2104"]
[WhiteFideId "16231538"]
[BlackFideId "410039"]
[EventDate "2017.12.02"]

1. d4 Nf6 2. Bf4 g6 3. e3 d6 4. c3 Bg7 5. Nd2 O-O 6. Ngf3 c5 7. h3 Nc6 8. Be2
Bf5 9. O-O cxd4 10. exd4 Re8 11. Qb3 Na5 12. Qa4 a6 13. Qd1 b5 14. a4 Rb8 15. b4
Nd5 16. bxa5 Nxf4 17. axb5 axb5 18. Nh4 Bd7 19. Nb3 Nxe2+ 20. Qxe2 e5 21. Nf3
exd4 22. Qd2 dxc3 23. Qxd6 Be6 24. Qb4 Qd5 25. Nbd4 Qc4 26. Nc2 Bf8 27. Qb1 b4
28. Ne3 Qf4 29. Ra4 Bd6 30. Rd1 Bd7 31. Nd5 Bxa4 32. Nxf4 Bxd1 33. Qxd1 Bxf4 34.
Qb3 Rbc8 0-1

[Event "London Classic Open 2017"]
[Site "London ENG"]
[Date "2017.12.03"]
[Round "2.80"]
[White "Russell, Christopher"]
[Black "Lochte, Szilvia"]
[Result "1-0"]
[WhiteElo "2103"]
[BlackElo "1850"]
[WhiteFideId "413569"]
[BlackFideId "708410"]
[EventDate "2017.12.02"]

1. e4 c5 2. c3 d5 3. exd5 Qxd5 4. Nf3 Nf6 5. d4 Bg4 6. Be2 e6 7. O-O Nc6 8. h3
Bf5 9. c4 Qd7 10. dxc5 Qxd1 11. Rxd1 Bxc5 12. Nc3 O-O 13. a3 a5 14. Bf4 Bc2 15.
Rd2 Bb3 16. Bg5 Rfd8 17. Rc1 Nd4 18. Nxd4 Bxd4 19. Bf3 Bxc4 20. Ne4 Ba6 21. Rcd1
e5 22. Nxf6+ gxf6 23. Bxf6 Re8 24. Bg4 Bb5 25. Re1 Ra6 26. Bg5 Rg6 27. Be3 Bxe3
28. Rxe3 Bc6 29. g3 Kg7 30. Rde2 Rd6 31. f4 Bb5 32. Rxe5 Rd1+ 33. Kf2 Red8 34.
Rxb5 1-0

[Event "London Classic Open 2017"]
[Site "London ENG"]
[Date "2017.12.03"]
[Round "2.81"]
[White "Hebbes, Tim"]
[Black "Fernandez Aransay, Fernando"]
[Result "1-0"]
[WhiteElo "2097"]
[BlackElo "1838"]
[WhiteFideId "406570"]
[BlackFideId "2216280"]
[EventDate "2017.12.02"]

1. Nf3 d5 2. e3 Nf6 3. c4 e6 4. Nc3 Be7 5. d4 O-O 6. b3 b6 7. Bd3 Bb7 8. O-O
Nbd7 9. Bb2 c5 10. Rc1 Rc8 11. Qe2 Ne4 12. cxd5 exd5 13. Rfd1 Ndf6 14. dxc5 bxc5
15. Bxe4 Nxe4 16. Nxe4 Qb6 17. Ng3 Rfe8 18. Ne5 Qe6 19. Nd3 Bd6 20. Qf3 c4 21.
Nf4 Bxf4 22. Qxf4 cxb3 23. axb3 Qb6 24. Qg4 f6 25. Nh5 1-0

[Event "London Classic Open 2017"]
[Site "London ENG"]
[Date "2017.12.03"]
[Round "2.82"]
[White "Siddharth, Sabharishankar"]
[Black "Guo, Emma"]
[Result "0-1"]
[BlackTitle "WIM"]
[WhiteElo "1837"]
[BlackElo "2081"]
[WhiteFideId "25068563"]
[BlackFideId "3200795"]
[EventDate "2017.12.02"]

1. e4 e5 2. Nf3 Nc6 3. Bb5 f5 4. Nc3 fxe4 5. Nxe4 Nf6 6. Nxf6+ Qxf6 7. Qe2 Be7
8. Bxc6 dxc6 9. Qxe5 O-O 10. Qxf6 Bxf6 11. O-O Bg4 12. h3 Bxf3 13. gxf3 Rae8 14.
d3 Be5 15. Kg2 Re6 16. f4 Bd6 17. Bd2 Re2 18. Rad1 Bxf4 19. Bxf4 Rxf4 20. Rc1
Rf6 21. b3 Kf7 22. a4 Rd2 23. Kg3 c5 24. h4 h6 25. f4 Rg6+ 26. Kf3 Rgg2 27. c3
Rh2 28. Kg3 Rdg2+ 29. Kf3 Rb2 30. b4 Rh3+ 31. Kg4 Rxd3 32. bxc5 Kf6 33. Rb1 g6
34. f5 Rg2+ 35. Kf4 gxf5 0-1

[Event "London Classic Open 2017"]
[Site "London ENG"]
[Date "2017.12.03"]
[Round "2.83"]
[White "Manole, Stefan"]
[Black "De Lagontrie, Jean"]
[Result "1-0"]
[WhiteElo "2081"]
[BlackElo "1823"]
[WhiteFideId "1203274"]
[BlackFideId "605271"]
[EventDate "2017.12.02"]

1. e4 c5 2. Nf3 Nc6 3. d4 cxd4 4. Nxd4 Nf6 5. Nc3 e5 6. Ndb5 d6 7. Bg5 a6 8. Na3
b5 9. Nd5 Qa5+ 10. Bd2 Qd8 11. Bg5 Qa5+ 12. Bd2 Qd8 13. Bd3 Nxd5 14. exd5 Ne7
15. O-O f5 16. Bg5 g6 17. c4 Bg7 18. cxb5 O-O 19. Qd2 e4 20. Be2 axb5 21. Nxb5
Be5 22. Nd4 Qe8 23. Bb5 Qf7 24. Bxe7 Qxe7 25. Nc6 Qf6 26. Nxe5 Qxe5 27. f4 Qe7
28. Qd4 Ba6 29. Bxa6 Rxa6 30. a4 Rfa8 31. g3 Kf7 32. Rfc1 e3 33. Re1 Re8 34. Ra3
e2 35. Kf2 h5 36. h4 Qe4 37. Qxe4 Rxe4 38. b3 Rd4 39. Rxe2 Rxd5 40. b4 Rd4 41.
Rb2 d5 42. a5 Rc4 43. b5 Re6 44. a6 Rc1 45. a7 Ree1 46. a8=Q Rf1+ 47. Kg2 Rg1+
48. Kf3 1-0

[Event "London Classic Open 2017"]
[Site "London ENG"]
[Date "2017.12.03"]
[Round "2.84"]
[White "Siddharth, Gopakumar"]
[Black "Coleman, David J"]
[Result "0-1"]
[BlackTitle "CM"]
[WhiteElo "1808"]
[BlackElo "2076"]
[WhiteFideId "5053463"]
[BlackFideId "402087"]
[EventDate "2017.12.02"]

1. e4 c5 2. Nf3 d6 3. d4 cxd4 4. Nxd4 Nf6 5. Nc3 a6 6. Bg5 e6 7. f4 Be7 8. Qf3
Qc7 9. O-O-O Nbd7 10. g4 b5 11. Bxf6 Nxf6 12. g5 Nd7 13. f5 O-O 14. h4 b4 15.
Nce2 Bb7 16. Kb1 Rae8 17. Bh3 e5 18. f6 exd4 19. fxe7 Rxe7 20. Rxd4 Nc5 21. Ng3
Rfe8 22. Bf5 d5 23. Nh5 Nxe4 24. Nf6+ Nxf6 25. gxf6 Re1+ 26. Rd1 Rxh1 27. Rxh1
Qe5 28. fxg7 d4 29. Qh5 Qe1+ 30. Qd1 Qxh1 0-1

[Event "London Classic Open 2017"]
[Site "London ENG"]
[Date "2017.12.03"]
[Round "2.85"]
[White "Seymour, Timothy P"]
[Black "Crismann, Alessandro Claudio"]
[Result "1-0"]
[BlackTitle "FM"]
[WhiteElo "2072"]
[BlackElo "1821"]
[WhiteFideId "412112"]
[BlackFideId "14302870"]
[EventDate "2017.12.02"]

1. d4 Nf6 2. Nf3 g6 3. c4 Bg7 4. e3 O-O 5. Be2 b6 6. O-O Bb7 7. Nc3 d6 8. Qc2
Nbd7 9. b4 c5 10. bxc5 bxc5 11. Rb1 Nb6 12. d5 Nfd7 13. e4 e5 14. Bd2 h6 15. g3
f5 16. Nh4 Qf6 17. exf5 gxf5 18. f4 e4 19. Nd1 Ba6 20. Bc3 Qf7 21. Ne3 Bd4 22.
Nxf5 Qxf5 23. Bxd4 Qg6 24. Bc3 Rae8 25. Kh1 Nf6 26. g4 Kh7 27. Rg1 Bc8 28. Rbf1
Rg8 29. Qd1 Nbd7 30. g5 1-0

[Event "London Classic Open 2017"]
[Site "London ENG"]
[Date "2017.12.03"]
[Round "2.86"]
[White "Compton, Alistair"]
[Black "Hughes, Anthony"]
[Result "0-1"]
[BlackTitle "CM"]
[WhiteElo "2071"]
[BlackElo "1810"]
[WhiteFideId "4300645"]
[BlackFideId "1803093"]
[EventDate "2017.12.02"]

1. e4 c6 2. d4 d5 3. exd5 cxd5 4. c4 Nf6 5. Nc3 Nc6 6. Nf3 Bg4 7. cxd5 Nxd5 8.
Qb3 Bxf3 9. gxf3 e6 10. Qxb7 Nxd4 11. Bb5+ Nxb5 12. Qc6+ Ke7 13. Nxb5 a6 14. Nd4
Qc8 15. Qa4 f6 16. O-O Kf7 17. Re1 Bc5 18. Bd2 Bxd4 19. Qxd4 Re8 20. Rac1 Qb7
21. Rc5 Rad8 22. Ba5 Rd7 23. b3 Qb8 24. Qa4 Qd6 25. Rec1 Nf4 26. Bc7 Qd1+ 0-1

[Event "London Classic Open 2017"]
[Site "London ENG"]
[Date "2017.12.03"]
[Round "2.87"]
[White "Jain, Gautam"]
[Black "Kalaiyalahan, Akshaya"]
[Result "1-0"]
[BlackTitle "FM"]
[WhiteElo "1804"]
[BlackElo "2067"]
[WhiteFideId "425311"]
[BlackFideId "422894"]
[EventDate "2017.12.02"]

1. e4 c5 2. Nc3 Nc6 3. f4 g6 4. Nf3 Bg7 5. Bc4 e6 6. O-O Nge7 7. Qe1 O-O 8. d3
d5 9. Bb3 Na5 10. Bd2 b6 11. Qh4 dxe4 12. dxe4 Nec6 13. f5 Qxh4 14. Nxh4 Nxb3
15. axb3 exf5 16. exf5 Bf6 17. g3 Bd4+ 18. Kg2 Bb7 19. Kh3 Ne5 20. Nb5 f6 21.
fxg6 hxg6 22. Bh6 g5 23. Nf5 g4+ 24. Kh4 Rfd8 25. Nfxd4 cxd4 26. Rxf6 Bf3 27.
Re1 Nf7 28. Nc7 Nxh6 29. Rxh6 Kg7 30. Ree6 d3 31. Rhg6+ Kf7 32. Rgf6+ Kg7 33.
Kg5 d2 34. Re7+ Kg8 35. Ne6 Rd5+ 36. Kh4 1-0

[Event "London Classic Open 2017"]
[Site "London ENG"]
[Date "2017.12.03"]
[Round "2.88"]
[White "Jyothilal, N."]
[Black "Neatherway, A Philip"]
[Result "1-0"]
[WhiteElo "2063"]
[BlackElo "1806"]
[WhiteFideId "5002605"]
[BlackFideId "418854"]
[EventDate "2017.12.02"]

1. d4 Nf6 2. c4 c5 3. d5 e6 4. Nc3 exd5 5. cxd5 d6 6. e4 g6 7. f4 Bg7 8. Bb5+
Nfd7 9. a4 O-O 10. Nf3 Na6 11. O-O Nc7 12. Bc4 a6 13. Re1 Rb8 14. e5 b5 15. axb5
axb5 16. Bf1 b4 17. Na4 Nb6 18. Nxb6 Rxb6 19. Bc4 Ba6 20. b3 Bxc4 21. bxc4 Re8
22. Bb2 Qd7 23. Qd2 Rbb8 24. Ng5 dxe5 25. fxe5 Qg4 26. Re4 Qh5 27. g4 Qh4 28.
Qf4 Rf8 29. Nf3 Qh3 30. Re3 1-0

[Event "London Classic Open 2017"]
[Site "London ENG"]
[Date "2017.12.03"]
[Round "2.89"]
[White "Mugalu, Hassan"]
[Black "Marentini, Marcel"]
[Result "1-0"]
[WhiteElo "1798"]
[BlackElo "2055"]
[WhiteFideId "451533"]
[BlackFideId "1318730"]
[EventDate "2017.12.02"]

1. Nf3 Nf6 2. d4 e6 3. Bf4 c5 4. c3 b6 5. Nbd2 Bb7 6. e3 Be7 7. h3 O-O 8. g4 d6
9. Bd3 e5 10. g5 exf4 11. gxf6 Bxf6 12. Qc2 h6 13. O-O-O cxd4 14. exd4 Nc6 15.
Ne4 Rc8 16. Qa4 a6 17. Bb1 g6 18. Rhg1 Bg7 19. h4 b5 20. Qc2 Nb4 21. Qb3 a5 22.
Rxg6 Bd5 23. Rxg7+ Kxg7 24. Rg1+ Kh8 25. Qd1 Re8 26. Nfg5 Rxe4 27. Bxe4 Qf6 28.
Qh5 Nxa2+ 29. Kd2 Bb3 30. d5 Rc7 31. Nh7 Nxc3 32. Nxf6 Nxe4+ 33. Nxe4 Rc2+ 34.
Kd3 1-0

[Event "London Classic Open 2017"]
[Site "London ENG"]
[Date "2017.12.03"]
[Round "2.90"]
[White "De Paolis, Fabrizio"]
[Black "Peters, Stephen G"]
[Result "0-1"]
[WhiteElo "1763"]
[BlackElo "2050"]
[WhiteFideId "822027"]
[BlackFideId "406040"]
[EventDate "2017.12.02"]

1. d4 d5 2. c4 e6 3. Nc3 Nf6 4. cxd5 exd5 5. Bg5 c6 6. Qc2 Be7 7. e3 Nbd7 8. Bd3
h6 9. Bf4 Nh5 10. Nxd5 cxd5 11. Bc7 Bb4+ 12. Ke2 Qe7 13. Rc1 O-O 14. Nf3 Nhf6
15. Nh4 Ne4 16. Nf5 Qe6 17. g4 Re8 18. h4 Bf8 19. Bf4 Ndf6 20. f3 Nd6 21. Qc7
Nxf5 22. gxf5 Qe7 23. Qa5 Nh5 24. Be5 Ng3+ 25. Kf2 Nxh1+ 26. Rxh1 b6 27. Qxd5
Bb7 28. Qb3 Qb4 29. Qc2 Rac8 30. Qe2 f6 31. Bf4 Bd5 32. a3 Qb3 0-1

[Event "London Classic Open 2017"]
[Site "London ENG"]
[Date "2017.12.03"]
[Round "2.91"]
[White "Johansson, Toni"]
[Black "Tombolis, Christopher"]
[Result "1/2-1/2"]
[WhiteElo "2049"]
[BlackElo "1799"]
[WhiteFideId "1703269"]
[BlackFideId "433691"]
[EventDate "2017.12.02"]

1. c4 Nf6 2. g3 e6 3. Bg2 d5 4. cxd5 exd5 5. d4 c6 6. Nf3 Bd6 7. O-O Bf5 8. Nc3
Nbd7 9. Nh4 Bg6 10. Re1 O-O 11. Nxg6 hxg6 12. Bg5 Qb6 13. Rb1 Nh7 14. Qd2 Nxg5
15. Qxg5 Qxd4 16. Red1 Qf6 17. Qxf6 Nxf6 18. e4 Rad8 19. exd5 cxd5 20. Nxd5 b6
21. Rbc1 Nxd5 22. Rxd5 Bc5 23. Rcd1 Rxd5 24. Rxd5 Re8 25. Bf1 Re6 1/2-1/2

[Event "London Classic Open 2017"]
[Site "London ENG"]
[Date "2017.12.03"]
[Round "2.92"]
[White "Dunn, Maxim"]
[Black "Nettleton, Charlie B"]
[Result "1-0"]
[WhiteElo "1757"]
[BlackElo "2047"]
[WhiteFideId "456551"]
[BlackFideId "419710"]
[EventDate "2017.12.02"]

1. c4 b6 2. Nf3 Bb7 3. g3 e6 4. Bg2 f5 5. O-O Nf6 6. b3 Be7 7. Bb2 O-O 8. d3 Qe8
9. Nc3 Qh5 10. e4 f4 11. gxf4 d5 12. Ng5 Bc8 13. exd5 Bd6 14. Qxh5 Nxh5 15. Nxe6
Rf6 16. Ne4 Rg6 17. f5 Rg4 18. Nxd6 cxd6 19. f3 Rh4 20. Nc7 Na6 21. Nxa8 Bxf5
22. Ba3 Nf4 23. Bxd6 Ne2+ 24. Kf2 Nd4 25. Nc7 Nc5 26. Bxc5 bxc5 27. Ne6 1-0